000 00298nam a2200133Ia 4500
100 _aOrilia/Lawrence S.
942 _cBK
654 _aComputers & Information
245 _aComputers & Information
260 _bMcGraw Hill
_aNew York
_c1986
082 _a1.6
300 _a654
546 _aENGLISH
999 _c31442
_d31442